Cómo enseñar a leer a un bebé instrucciones sobre técnicas de enseñanza de lectura para bebés y lograr un mejor desarrollo cerebral : una cruzada por la inteligencia /

সংরক্ষণ করুন:
গ্রন্থ-পঞ্জীর বিবরন
প্রধান লেখক: Cárdenas M., Juan Carlos
বিন্যাস: বৈদ্যুতিক বৈদ্যুতিন গ্রন্থ
ভাষা:স্প্যানিশ
প্রকাশিত: Bogotá, Colombia : Editorial Oveja Negra: Quintero Editores, 2009.
সংস্করন:1a ed.
মালা:Digitalia eBook Collection: Editorial Oveja Negra.
বিষয়গুলি:
অনলাইন ব্যবহার করুন:Digitalia Hispánica
ট্যাগগুলো: ট্যাগ যুক্ত করুন
কোনো ট্যাগ নেই, প্রথমজন হিসাবে ট্যাগ করুন!

MARC

LEADER 00000nam a2200000Ia 4500
001 DIGOVENEG027
003 NyNyDIG
006 m d
007 cr |||||||||||
008 140301s2009 ck a o 000 0 spa d
020 |z 9580611300 (pbk.)  
020 |z 9789580611301 (pbk.)  
040 |a DGITA  |b eng  |e pn  |c DGITA 
043 |a s-ck--- 
050 4 |a PQ8180.23.A65 
100 1 |a Cárdenas M., Juan Carlos.  
245 1 0 |a Cómo enseñar a leer a un bebé   |h [electronic resource] :  |b instrucciones sobre técnicas de enseñanza de lectura para bebés y lograr un mejor desarrollo cerebral : una cruzada por la inteligencia /  |c Juan Carlos Cárdenas M. 
250 |a 1a ed. 
260 |a Bogotá, Colombia :  |b Editorial Oveja Negra:  |b Quintero Editores,  |c 2009.  |e (New York, NY. :  |f Digitalia Inc,   |g 2012). 
300 |a 1 online resource (47 p.) :  |b ill. 
506 |a Access restricted to subscribing institutions. 
650 0 |a Reading (Early childhood)  
655 0 |a Electronic books. 
791 2 |a Digitalia (Firm),  |e distributor. 
830 0 |a Digitalia eBook Collection: Editorial Oveja Negra. 
856 4 0 |3 Digitalia Hispánica  |u https://digitalia.unach.elogim.com/a/20965/